Chap 10 vocab Quiz Stats

 Plays Quiz not verified by Sporcle

Score 0/66 Timer 15:00
0 Plays Today
clue % Correct
to approveaprobar
100%
to behavecomportarse
87.5%
to disapprovedesaprobar
87.5%
to smokefumar
87.5%
to forbid, prohibitprohibir
87.5%
addictel adicto
87.5%
alcoholel alcohol
87.5%
smokerel fumador
87.5%
gym, health clubel gimnasio
87.5%
healthysaludable
87.5%
large or biggrande
87.5%
when before a noun, grande shortens to _____gran
87.5%
then it meansgreat
87.5%
longlargo
87.5%
to take drugsconsumir drogas
75%
to get drunkemborracharse
75%
coffeeel café
75%
dependencela dependencia
75%
pillslas pastillas
75%
healthla salud
75%
television(set)el televisor
75%
to stop doing somethingdejar de plus infinitive
75%
not to fail or not to miss out on somethingno dejar de plus infinitive
75%
to get in the way, to hinder, prevent, or to stop someone from doing somethingimpedir
75%
to arrestdetener
75%
to stop moving or to pausedetenerse
75%
to hurt meaning to ache(physically, mentally, or emotionally)doler
75%
to injure someones feelingsofender
75%
to lose weightbajar de peso
62.5%
to harm, injurehacer daño
62.5%
sugarel azúcar
62.5%
stressel estrés
62.5%
nicotinela nicotina
62.5%
clue % Correct
television(programming)el televisión
62.5%
bad habitel vicio
62.5%
when it means to stop someone from doing something impedir often folllowed bysubjunctive
62.5%
to slow down or hold up progressdetener
62.5%
to cause someone bodily injuryhacer daño
62.5%
to hurt someones standing or statushacer daño
62.5%
to gain weightsubir de peso
50%
to have a driktomar una copa
50%
cocainela cocaína
50%
contraband, smugglingel contrabando
50%
heroinla heroína
50%
marijuanala marihuana
50%
special diet, regimenel régimen
50%
tobacco;cigaretteel tabaco
50%
beneficialbeneficioso
50%
drunk borracho
50%
sweet tothedgoloso
50%
damaging, harmfulperjudicial
50%
to cause someone bodily injurylastimar
50%
to exercisehacer ejercicio
37.5%
caffeinela cafeína
37.5%
sedativeel calmante
37.5%
cigaretteel cigarrillo
37.5%
habitel hábito
37.5%
prescriptionla receta médica
37.5%
overdosela sobredosis
37.5%
drug addictionla toxicomanía
37.5%
drug addictel toxicómano
37.5%
drunkenness, drinking spree, bingela borrachera
25%
junk foodla comida chatarra
25%
aerobic exerciseel ejercicio aeróbico
25%
hallucinogenslos alucinógenos
12.5%
heavy eaterel comilón
12.5%

You're not logged in!

Compare scores with friends on all Sporcle quizzes.
OR
Log In

Show Comments

Extras

Created Oct 28, 2010ReportNominate
Tags:Vocabulary Quiz, chap

Top Quizzes Today


Score Distribution

Your Account Isn't Verified!

In order to create a playlist on Sporcle, you need to verify the email address you used during registration. Go to your Sporcle Settings to finish the process.

Report this User

Report this user for behavior that violates our Community Guidelines.

Details: